Состояние поверхности титанового сплава при глубинном шлифовании высокопористым кругом из карбида кремния; Инновационные технологии в машиностроении

Bibliographische Detailangaben
Parent link:Инновационные технологии в машиностроении.— 2018.— [С. 148-150]
1. Verfasser: Кременецкий Л. Л.
Körperschaft: Волгоградский государственный технический университет
Weitere Verfasser: Носенко В. А.
Zusammenfassung:Заглавие с экрана
Рассмотрен процесс глубинного шлифования титанового сплава Ti6Al4V высокопористым кругом из карбида кремния характеристики 64CF80H12V. Морфологию и химический состав поверхностей, полученных на скорости шлифования 20-30 м/с, исследовали на двухлучевом электронном микроскопе.
The process of creep-feed grinding Ti6Al4V titanium alloy by highly porous silicon carbide wheel 64CF80H12V is shown. The research of morphology and chemical composition of surfaces which were machined at 20-30 m/s grinding speed was carried out with using a twin-beam electron microscope.
Sprache:Russisch
Veröffentlicht: 2018
Schriftenreihe:Инновационные технологии получения и обработки материалов в машиностроении
Schlagworte:
Online-Zugang:http://earchive.tpu.ru/handle/11683/50139
Format: MixedMaterials Elektronisch Buchkapitel
KOHA link:https://koha.lib.tpu.ru/cgi-bin/koha/opac-detail.pl?biblionumber=627230

MARC

LEADER 00000naa2a2200000 4500
001 627230
005 20231102024248.0
035 |a (RuTPU)RU\TPU\conf\26972 
035 |a RU\TPU\conf\26968 
090 |a 627230 
100 |a 20180823d2018 k y0rusy50 ca 
101 0 |a rus  |d eng 
102 |a RU 
105 |a y z 101zy 
135 |a drcn ---uucaa 
181 0 |a i  
182 0 |a b 
200 1 |a Состояние поверхности титанового сплава при глубинном шлифовании высокопористым кругом из карбида кремния  |f Л. Л. Кременецкий, В. А. Носенко 
203 |a Текст  |c электронный 
225 1 |a Инновационные технологии получения и обработки материалов в машиностроении 
230 |a 1 компьютерный файл (pdf; 414 Kb) 
300 |a Заглавие с экрана 
320 |a [Библиогр.: с. 150 (9 назв.)] 
330 |a Рассмотрен процесс глубинного шлифования титанового сплава Ti6Al4V высокопористым кругом из карбида кремния характеристики 64CF80H12V. Морфологию и химический состав поверхностей, полученных на скорости шлифования 20-30 м/с, исследовали на двухлучевом электронном микроскопе. 
330 |a The process of creep-feed grinding Ti6Al4V titanium alloy by highly porous silicon carbide wheel 64CF80H12V is shown. The research of morphology and chemical composition of surfaces which were machined at 20-30 m/s grinding speed was carried out with using a twin-beam electron microscope. 
463 0 |0 (RuTPU)RU\TPU\conf\26327  |t Инновационные технологии в машиностроении  |o сборник трудов IX Международной научно-практической конференции, 24–26 мая 2018 г., Юрга  |f Национальный исследовательский Томский политехнический университет (ТПУ), Юргинский технологический институт (ЮТИ) ; под ред. Д. А. Чинахова  |v [С. 148-150]  |d 2018 
610 1 |a электронный ресурс 
610 1 |a поверхности 
610 1 |a титановые сплавы 
610 1 |a глубинное шлифование 
610 1 |a высокопористые круги 
610 1 |a карбид кремния 
610 1 |a морфология 
700 1 |a Кременецкий  |b Л. Л. 
701 1 |a Носенко  |b В. А. 
712 0 2 |a Волгоградский государственный технический университет  |2 stltpush  |3 (RuTPU)RU\TPU\col\8083  |9 24467 
801 2 |a RU  |b 63413507  |c 20180824  |g RCR 
856 4 |u http://earchive.tpu.ru/handle/11683/50139 
942 |c BK